[Event "36th Cappelle Open 2020"]
[Site "Cappelle-la-Grande"]
[Date "2020.02.27"]
[Round "8.11"]
[White "Karthikeyan, P.."]
[Black "Kollar, Romain"]
[Result "1-0"]
[WhiteElo "2406"]
[BlackElo "2216"]
[Annotator "TA"]
[PlyCount "69"]
[EventDate "2020.02.22"]
[EventType "swiss"]
[EventCountry "FRA"]
[SourceTitle "playchess.com"]
[Source "ChessBase"]
[SourceQuality "1"]

{[%evp 9,69,14,19,9,8,9,11,11,16,15,14,10,1,-15,9,-4,21,27,29,16,10,8,9,0,0,-2,14,14,59,57,56,62,85,95,75,71,78,21,100,91,89,108,161,161,158,132,151,140,208,181,196,212,207,210,333,321,436,425,473,486,921,905]} 1. e4 c5 2. Nc3 Nc6 3. Bb5 Nd4 4. Nf3 a6 5. Bd3 g6 6. Nxd4 {B23: Closed Sicilian: Lines without g3.} cxd4 7. Ne2 Bg7 {7...d5 is the hot move.} 8. c3 {The position is equal.} dxc3 9. dxc3 Nf6 10. O-O O-O 11. Nd4 d6 {[#]} 12. Bg5 $146 ({Predecessor:} 12. h3 Qc7 13. Bg5 b5 14. Qd2 Bb7 15. Rfe1 Rfe8 16. Bh6 e5 17. Bxg7 Kxg7 18. Nf5+ Kh8 19. Qh6 {0-1 (62) Neumann,A-Muenstermann,C Kiel 2001}) 12... b5 13. a4 $36 {[%mdl 2048] White is pushing.} bxa4 14. Rxa4 Bd7 15. Ra2 h6 16. Bh4 Qb6 17. Qe2 e5 18. Bxf6 Bxf6 19. Nc2 Be6 20. Bc4 Rfc8 21. Bxe6 fxe6 22. Rfa1 {[%cal Ra2a6]} a5 23. Na3 ({White should try} 23. Ne3 $16) 23... d5 (23... Rab8 $11 {remains equal.}) 24. exd5 $16 exd5 25. Qd3 Bg7 (25... Qc6 $16) 26. Qxd5+ $18 Kh7 27. Qb5 Qe6 28. Qe2 Rd8 (28... Rc5 $16 29. Nc2 Rb8) 29. h3 e4 30. Nc4 {[%cal Ba3c4,Bc4d2,Bd2e4][%mdl 32]} Rd3 31. Nd2 (31. Nxa5 Qd5 $11) ({Much less strong is} 31. Rxa5 $6 Rxa5 32. Nxa5 Qd5 $14) 31... Rad8 (31... Rd5 {was called for.} 32. Nxe4 Qe5) 32. Nxe4 {[#] And now Ng5+! would win.} Be5 33. Rxa5 {White is clearly winning.} Bc7 {intending ...Qxe4.} 34. Ra7 ({Less strong is} 34. Ng5+ hxg5 35. Qxe6 Rd1+ 36. Qe1 Rxe1+ 37. Rxe1 Bxa5 $11) 34... Qb6 (34... Qf7 $142 35. g3 R3d7) 35. g3 {Accuracy: White = 88%, Black = 52%.} 1-0

[Event "36th Cappelle Open 2020"]
[Site "Cappelle-la-Grande"]
[Date "2020.02.27"]
[Round "8.12"]
[White "Gavrish, Leonid"]
[Black "Viani Antonio Dcunha"]
[Result "0-1"]
[WhiteElo "2073"]
[BlackElo "2403"]
[Annotator "TA"]
[PlyCount "76"]
[EventDate "2020.02.22"]
[EventType "swiss"]
[EventCountry "FRA"]
[SourceTitle "playchess.com"]
[Source "ChessBase"]
[SourceQuality "1"]

{[%evp 30,76,44,16,25,0,0,0,0,-18,0,0,0,0,0,0,0,0,0,0,0,-98,-112,-137,-125,-288,-297,-253,-168,-363,-338,-354,-328,-1316,-1316,-1285,-1270,-29987,-29988,-29988,-29989,-29990,-29991,-29991,-29992,-29994,-29994,-29994,-29991]} 1. d4 Nf6 2. c4 g6 3. Nc3 Bg7 4. e4 d6 5. Nf3 O-O 6. Be2 e5 7. O-O Nc6 8. d5 Ne7 9. Ne1 Nd7 10. Nd3 f5 11. Bd2 Nf6 12. f3 f4 13. c5 g5 14. Rc1 Ng6 15. cxd6 cxd6 16. Nf2 a6 {E99: King's Indian: Classical Main Line: 9 Ne1 Nd7 10 f3 f5.} 17. Qb3 h5 18. h3 Rf7 {The position is equal.} 19. Rc2 Bf8 20. Rfc1 Nh4 21. Na4 {Strongly threatening Nb6.} b5 22. Nb6 $1 {[%cal Rb6a8]} Qxb6 23. Rxc8 Rxc8 24. Rxc8 g4 $1 {[%cal Rg4h3] [#]} 25. hxg4 $146 (25. Rc6 $11 {keeps the balance.} Qa7 26. hxg4) ({Predecessor:} 25. Rc6 Qa7 26. Ba5 g3 27. Bb6 Qb8 28. Nd3 Rb7 29. Ba5 Qa7+ 30. Kh1 Nxe4 31. fxe4 {0-1 (56) Furman,S-Browne,W Wijk aan Zee 1975}) 25... hxg4 $17 {And now ...g3 would win.} 26. Rc6 Qa7 $40 {[%mdl 128] Black wants a kill.} 27. Ba5 $2 (27. fxg4 $17 {was the only chance.} Nxe4 28. Be3 fxe3 29. Nxe4) 27... g3 $19 {[%mdl 64] [#] Pin} 28. Bb6 Qb8 {aiming for ...Nd7.} 29. Ng4 $2 (29. Nh3 {is a better defense.} Rb7 30. Ba5) 29... Nxg4 30. fxg4 Rb7 31. g5 $2 ({Don't go for} 31. Ba5 $2 Qa7+ 32. Rb6 Rxb6 $19) (31. Be3) 31... Rxb6 32. Bg4 Qa7 {( -> ...Rxc6+)} 33. Kh1 Rb7 {Black mates.} 34. Rc2 Rh7 35. Be6+ Kh8 {[%cal Rh4f5]} 36. Bh3 Qd4 {[%cal Rd4d1]} 37. Re2 {[#]} f3 $1 38. gxf3 Ng6 {White did not feel at home in the position after the opening. Accuracy: White = 47%, Black = 91%.} 0-1

[Event "36th Cappelle Open 2020"]
[Site "Cappelle-la-Grande"]
[Date "2020.02.28"]
[Round "9.1"]
[White "Bellahcene, Bilel"]
[Black "Moussard, Jules"]
[Result "1/2-1/2"]
[WhiteElo "2510"]
[BlackElo "2608"]
[Annotator "TA"]
[PlyCount "54"]
[EventDate "2020.02.22"]
[EventType "swiss"]
[EventCountry "FRA"]
[SourceTitle "playchess.com"]
[Source "ChessBase"]
[SourceQuality "1"]

{[%evp 20,54,31,33,26,-22,20,16,18,0,0,0,0,0,10,0,6,0,0,-16,0,0,0,0,0,0,0,0,0,0,0,0,0,-14,0,0,0]} 1. Nf3 Nf6 2. b3 g6 3. Bb2 Bg7 4. g3 b6 5. Bg2 Bb7 6. O-O c5 7. c4 O-O 8. d4 cxd4 9. Qxd4 d6 10. Nc3 Nbd7 11. Rac1 Rc8 {A30: Symmetrical English: Double Fianchetto and Hedgehog.} 12. Nd5 {[#]} Ne5 $146 {The position is equal.} (12... e5 {feels hotter.} 13. Nxf6+ Nxf6 14. Qd2 Ne4 15. Qc2 f5) ({Predecessor:} 12... Kh8 13. Ng5 h6 14. Ne4 e5 15. Qd2 Bxd5 16. cxd5 Nxe4 17. Bxe4 Nc5 18. Bg2 a5 {½-½ (38) Gholami,A (2554)-Mitrabha,G (2434) Mumbai 2019}) 13. Nxe5 {[#] Black must now prevent Ng4.} Nxd5 14. Bxd5 Bxe5 15. Qd2 Bxb2 16. Qxb2 Qd7 17. Rfd1 Rc5 18. Rd3 Rfc8 19. Rcd1 Bxd5 (19... h5 {is interesting.} 20. a4 Bxd5 21. Rxd5 h4 22. Qd4 hxg3 23. hxg3 Qh3) 20. Rxd5 b5 21. Rxc5 Rxc5 22. Rd5 Rxd5 23. cxd5 $11 {KQ-KQ} Qf5 24. Qd2 Qb1+ 25. Kg2 Qe4+ 26. Kg1 Qb1+ 27. Kg2 Qe4+ {A rather calm draw. Accuracy: White = 90%, Black = 93%.} 1/2-1/2

[Event "36th Cappelle Open 2020"]
[Site "Cappelle-la-Grande"]
[Date "2020.02.28"]
[Round "9.2"]
[White "Martinez Alcantara, Jose Eduardo"]
[Black "Karthikeyan, P.."]
[Result "1-0"]
[WhiteElo "2617"]
[BlackElo "2406"]
[Annotator "TA"]
[PlyCount "61"]
[EventDate "2020.02.22"]
[EventType "swiss"]
[EventCountry "FRA"]
[SourceTitle "playchess.com"]
[Source "ChessBase"]
[SourceQuality "1"]

{[%evp 16,61,31,22,16,25,30,21,27,9,20,16,14,18,13,13,18,9,17,0,22,18,41,58,46,22,68,50,68,39,132,127,202,138,254,284,269,256,408,415,495,494,1238,937,935,930,925,914]} 1. e4 e5 2. Nf3 Nc6 3. Bb5 a6 4. Ba4 Nf6 5. d3 d6 6. c3 Bd7 7. O-O g6 8. h3 Bg7 9. Be3 O-O {C72: Ruy Lopez: Deferred Steinitz: 5 0-0.} 10. Nbd2 Re8 11. Re1 h6 {The position is equal.} 12. Bb3 Na5 13. Bc2 c5 14. a3 Nc6 {[#]} 15. b4 $146 ({Predecessor:} 15. Qc1 Be6 16. b4 b6 17. Rb1 Rc8 18. bxc5 bxc5 19. Ba4 Qc7 20. Qb2 Rb8 21. Qc2 Rxb1 22. Rxb1 {½-½ (38) Sikorsky,H (2521)-Williamson,H (2529) ICCF email 2017}) 15... cxb4 16. axb4 d5 17. Qb1 Rc8 18. Nb3 d4 19. cxd4 Nxb4 20. Bd1 exd4 21. Nbxd4 a5 $1 22. Bb3 Bf8 (22... Nh5 $14) 23. Bd2 $16 Bc6 (23... Qb6 $16 {was necessary.}) 24. Bc4 Bxe4 {[#]} (24... Nd7 $16 25. Qb3 Re7 26. Rxa5 (26. Bxb4 axb4 27. Qxb4 Nb8 $16) 26... Qxa5) 25. Bxf7+ $1 $18 {[%mdl 512]} Kxf7 26. dxe4 Kg7 (26... Bc5 $142) 27. e5 Nd7 28. e6 {White is clearly winning.} Nf6 (28... Nc5 $142 29. Bxh6+ Kxh6) 29. Ne5 Nc2 30. Nxc2 Qxd2 31. Ne3 {Accuracy: White = 80%, Black = 51%.} 1-0

[Event "36th Cappelle Open 2020"]
[Site "Cappelle-la-Grande"]
[Date "2020.02.28"]
[Round "9.3"]
[White "Nikolov, Momchil"]
[Black "Godart, Francois"]
[Result "1-0"]
[WhiteElo "2539"]
[BlackElo "2445"]
[Annotator "TA"]
[PlyCount "101"]
[EventDate "2020.02.22"]
[EventType "swiss"]
[EventCountry "FRA"]
[SourceTitle "playchess.com"]
[Source "ChessBase"]
[SourceQuality "1"]

{[%evp 9,101,23,33,0,6,0,0,0,9,0,7,20,25,25,34,33,51,12,18,18,24,0,8,-13,0,-25,-22,-35,80,77,70,51,66,77,75,74,73,55,103,80,155,84,87,92,82,92,83,96,148,148,133,73,82,69,73,83,70,70,202,202,202,199,191,0,144,36,102,31,28,14,60,0,0,0,0,0,81,134,112,120,84,84,41,17,341,311,751,1115,12818,12492,12838,5685,29983,29985]} 1. d4 Nf6 2. c4 e5 3. dxe5 Ng4 4. e3 Nxe5 5. Nc3 d6 6. Nge2 {A52: Budapest Gambit.} g6 7. Nf4 Bg7 8. Be2 {The position is equal.} O-O 9. O-O a5 {now scores much better than the old 9...Nbd7.} 10. e4 Na6 11. Be3 Nc5 12. Qd2 {[#]} Ng4 $146 ({Predecessor:} 12... Re8 13. Rad1 b6 14. Nfd5 c6 15. Nf4 Ra7 16. f3 Bf8 17. Rfe1 f5 18. exf5 Bxf5 {½-½ (36) Mekhitarian,K (2545)-Gareyev,T (2588) Sao Paulo 2019}) 13. Bxc5 dxc5 14. Qxd8 Rxd8 15. Nfd5 Be5 $1 16. Rad1 {aiming for Ne7+.} Be6 ({But not} 16... Bxh2+ $6 17. Kh1 $16) (16... Bd7 {looks sharper.} 17. Nb5 Bxb5 18. cxb5 Nf6 19. Nxf6+ Bxf6 20. b3 a4) 17. h3 (17. Na4 {keeps more tension.} Bxh2+ 18. Kh1 Be5 19. Nxc5 Nf6 20. Nd3) 17... Nf6 18. f4 Bxc3 (18... Nxd5 $15 {stays ahead.} 19. cxd5 Bd4+ 20. Kh1 Bd7) 19. Nxc3 $16 Rd4 20. e5 $36 {[%mdl 2048] White is pushing.} Ne8 21. b3 Rad8 22. Bf3 b6 23. Kf2 Ng7 24. g4 Bc8 (24... Kf8 $142) 25. Ke3 ({White should try} 25. Nd5) 25... Ne6 26. Nb5 Rxd1 27. Rxd1 Rxd1 28. Bxd1 {[%mdl 4096] Endgame KBN-KBN} Bd7 (28... Kf8 $142) 29. Nc3 $1 Kf8 30. Bc2 (30. Nd5 $142) 30... Nd4 31. Be4 h5 32. gxh5 gxh5 33. h4 Nf5+ ({Better is} 33... f5 $1 $14) 34. Bxf5 $1 $18 Bxf5 {KB-KN} 35. Nd5 Bb1 36. Nc3 ({Inferior is} 36. Nxc7 Bxa2 37. Nd5 Bxb3 $11) 36... Bf5 37. Kd2 (37. Nb5 $1 $16) 37... Ke8 (37... Ke7 $14) 38. Nd5 (38. Ne2 $1 $16) 38... Kd8 $14 39. Nf6 Bg6 $1 40. Nd5 (40. f5 $1 $14 Bxf5 41. Nxh5) 40... Kd7 $11 41. Ke3 Bb1 42. a3 Bc2 {[#]} (42... Bg6 $11) 43. Nf6+ $1 $16 Ke7 44. Nxh5 Bxb3 45. Kd3 c6 46. Nf6 Ba2 $2 {[%mdl 8192]} (46... b5 $11) 47. Ne4 $18 b5 $2 {[#]} (47... Bb1+ 48. Ke3 b5 49. cxb5 (49. Nxc5 f6 $16) 49... cxb5) 48. Nd2 $1 f6 49. h5 fxe5 50. fxe5 b4 51. a4 {Accuracy: White = 75%, Black = 54%.} 1-0

[Event "36th Cappelle Open 2020"]
[Site "Cappelle-la-Grande"]
[Date "2020.02.28"]
[Round "9.4"]
[White "Shchekachev, Andrei"]
[Black "Nitin, S.."]
[Result "1-0"]
[WhiteElo "2529"]
[BlackElo "2353"]
[Annotator "TA"]
[PlyCount "87"]
[EventDate "2020.02.22"]
[EventType "swiss"]
[EventCountry "FRA"]
[SourceTitle "playchess.com"]
[Source "ChessBase"]
[SourceQuality "1"]

{[%evp 12,87,50,25,37,41,30,35,37,29,14,0,38,0,85,49,128,122,115,123,133,125,126,131,114,103,125,119,167,137,160,94,131,62,163,162,170,167,166,172,268,266,232,247,273,276,278,318,325,340,365,357,315,299,306,230,275,267,328,323,302,224,381,383,487,485,477,379,739,741,737,731,1089,676,725,717,843,829]} 1. Nf3 Nf6 2. c4 g6 3. Nc3 Bg7 4. e4 d6 5. d4 O-O 6. h3 Na6 7. Be3 c6 {Nowadays more popular than 7...e5. E90: King's Indian: Classical: Early deviations and 6 h3.} 8. a3 e5 9. d5 Nh5 {White is slightly better.} 10. Nd2 Qe8 {[#]} 11. b4 $146 ({Predecessor:} 11. c5 Nxc5 12. Nc4 cxd5 13. Nxd6 Qc6 14. Qxd5 Ne6 15. Qxc6 bxc6 16. Rc1 Nd4 17. Na4 {0-1 (40) Tikkanen,H (2552)-Bekker Jensen,S (2412) Ballerup 2013}) 11... f5 {And now ...f4 would win.} 12. Nb3 c5 (12... cxd5 $11 {remains equal.} 13. Qxd5+ Rf7) 13. Nb5 f4 ({Black should play} 13... Qd8 $14) 14. Nxd6 $16 Qd7 15. Bxc5 {Threatens to win with Nxb7.} b6 16. Nxc8 bxc5 17. b5 ({Reject} 17. bxc5 Rfxc8 18. c6 Qc7 $11) 17... f3 18. g3 ({Don't play} 18. bxa6 fxg2 19. Bxg2 Qxc8 $11) 18... Qxc8 19. bxa6 Qxa6 20. Bd3 Bh6 {[#]} 21. Kf1 (21. Qc2 $142 $1) 21... Rac8 22. Kg1 (22. Qc2 $16) 22... Qf6 ({Better is} 22... Qa4 $14) 23. Kh2 $18 Rf7 24. Ra2 {[%cal Ba1a2,Ba2b2,Bb2b3][%mdl 32]} g5 25. Nd2 Rcf8 {[#]} (25... Qg7 {might work better.} 26. Kg1 (26. Nxf3 Rcf8 $18) 26... g4) 26. Nf1 $1 g4 27. hxg4 Ng7 28. Rb2 Qg6 29. Kg1 Rf6 30. Nh2 Bg5 31. Rb3 Ne8 32. Rb8 Qf7 33. Nf1 Qd7 34. Qe1 Rb6 35. Rxb6 axb6 36. Ne3 Qa4 $2 (36... Nf6 37. Nf5 Qa4) 37. Rh5 h6 38. Nf5 Qxa3 {Strongly threatening ...Rxf5.} 39. Qd1 Ng7 $2 (39... Qb2 40. Nxh6+ Bxh6 41. Rxh6 Nf6) 40. Nxh6+ {White is clearly winning.} Bxh6 41. Rxh6 Ra8 42. Rxb6 Qc3 43. Rb3 Qd4 44. Qxf3 {Accuracy: White = 66%, Black = 43%.} 1-0

[Event "36th Cappelle Open 2020"]
[Site "Cappelle-la-Grande"]
[Date "2020.02.28"]
[Round "9.5"]
[White "Philippe, Guillaume"]
[Black "Stany, G.A."]
[Result "0-1"]
[WhiteElo "2371"]
[BlackElo "2522"]
[Annotator "TA"]
[PlyCount "76"]
[EventDate "2020.02.22"]
[EventType "swiss"]
[EventCountry "FRA"]
[SourceTitle "playchess.com"]
[Source "ChessBase"]
[SourceQuality "1"]

{[%evp 16,76,-27,-44,-2,-54,-52,-61,-59,-58,-58,-53,-20,-18,-3,-2,56,55,41,48,66,63,54,54,91,91,89,95,97,74,143,120,126,127,162,122,60,17,127,80,114,93,109,30,25,-366,-366,-366,-366,-366,-366,-359,-334,-689,-669,-755,-755,-752,-746,-749,-747,-757,-659]} 1. e4 e5 2. Nf3 Nc6 3. Be2 Nf6 4. d3 d5 5. Nbd2 Bc5 6. c3 a5 7. O-O O-O 8. b3 Re8 9. a3 d4 {C44: Ponziani Opening and Scotch Gambit.} 10. Bb2 ({Better is} 10. cxd4 $11 Nxd4 11. Bb2) 10... dxc3 $1 $15 11. Bxc3 Bg4 {Black is slightly better.} 12. Qc2 Qe7 13. Qb2 Rad8 14. Rfc1 Bxf3 15. Nxf3 Nd4 (15... Ra8 $11) 16. Nxd4 $14 Bxd4 17. Bxd4 Rxd4 18. Qc3 c6 19. Qxa5 Red8 20. b4 {[%cal Bb3b4,Bb4b5][%mdl 32]} g6 21. b5 c5 22. Qb6 c4 (22... Nd7 $142 23. Qxb7 Rb8) 23. Rxc4 $16 Rxc4 24. dxc4 Nxe4 25. Bf3 Rd4 26. Re1 Nc5 (26... Qxa3 $11 {remains equal.} 27. Qxb7 (27. Bxe4 Rxe4 28. Rf1 Rxc4 $17) 27... Nd6) 27. Bd5 Rd2 28. g3 Ra2 {[#]} 29. Qa7 (29. Re3 $1 $16) 29... Kg7 $11 30. Qb8 $2 {[%mdl 8192] White does not recover from this.} (30. Re3 $11 {and White stays safe.}) 30... Nd3 $19 31. Qxb7 Qxb7 32. Bxb7 {Hoping for Rb1.} Nxe1 33. c5 {[#] aiming for b6.} Rc2 $1 {[%cal Rc2c1]} ({Worse is} 33... Rxa3 34. c6 $16) 34. c6 $2 (34. b6 Rxc5 35. Be4) 34... Nf3+ {Black is clearly winning.} 35. Kf1 Nd4 36. a4 Kf6 37. Ke1 Ke7 38. Kd1 Rc5 {Accuracy: White = 63%, Black = 67%.} 0-1

[Event "36th Cappelle Open 2020"]
[Site "Cappelle-la-Grande"]
[Date "2020.02.28"]
[Round "9.6"]
[White "Viani Antonio Dcunha"]
[Black "Dimitrov, Radoslav"]
[Result "0-1"]
[WhiteElo "2403"]
[BlackElo "2519"]
[Annotator "TA"]
[PlyCount "115"]
[EventDate "2020.02.22"]
[EventType "swiss"]
[EventCountry "FRA"]
[SourceTitle "playchess.com"]
[Source "ChessBase"]
[SourceQuality "1"]

{[%evp 10,115,36,35,37,33,45,20,39,47,53,42,41,40,54,36,61,39,60,57,46,20,21,16,18,4,16,0,0,0,0,0,0,0,0,0,0,-35,-41,-39,-29,-81,-80,-62,-46,-50,-59,-82,-75,-46,-35,-33,-39,-111,-89,-114,-110,-128,-100,-144,-144,-143,-133,-205,-194,-240,-237,-281,-220,-228,-226,-222,-211,-356,-363,-365,-356,-353,-351,-352,-346,-306,-293,-306,-297,-291,-285,-270,-256,-283,-245,-371,-401,-402,-405,-843,-819,-887,-745,-1505,-1378,-1308,-867,-29968,-29969,-29979,-29980,-29979]} 1. e4 Nf6 2. e5 Nd5 3. d4 d6 4. Nf3 dxe5 5. Nxe5 c6 6. Be2 Bf5 {B04: Alekhine's Defence: 4 Nf3.} 7. O-O Nd7 8. Nf3 (8. Nd3 {is more complex.} e6 9. c4 N5f6 10. Nc3 h6 11. f4) 8... e6 {The position is equal.} 9. c4 N5f6 10. Nh4 Bg6 11. Nc3 Bd6 12. g3 e5 {[#]} 13. d5 $146 ({Predecessor:} 13. dxe5 Bxe5 14. Na4 Nb6 15. Qxd8+ Rxd8 16. Nc5 Rb8 17. Rd1 O-O 18. Nxg6 hxg6 19. a4 {1-0 (53) Martucci,M-Bruce,R (1923) ICCF email 2018}) 13... Bc5 14. Bf3 Rc8 15. dxc6 bxc6 16. Nxg6 hxg6 17. b3 Bd4 18. Bb2 (18. Qe1 {seems wilder.} O-O 19. Be3 Re8 20. Rd1 Nc5 21. Ne2) 18... O-O 19. Qc2 Re8 20. Rad1 Qc7 21. Rfe1 Nc5 22. Bg2 a5 23. Ne2 Bxb2 24. Qxb2 e4 {Threatens to win with ...Nd3.} 25. Qb1 (25. Qc3 $11 {remains equal.}) 25... Nd3 26. Rf1 Qe5 27. Nc1 Nc5 28. Rfe1 Qh5 $36 {[%mdl 2048] Black is on the roll.} 29. Qc2 Ng4 30. h3 Ne5 31. Qe2 {Black converts the advantage convincingly.} ({Better is} 31. Qc3 $15) 31... Qxe2 32. Rxe2 f5 33. Red2 Rb8 34. Ne2 a4 35. bxa4 Nxa4 ({But not} 35... Nxc4 $6 36. Rc2 $11) 36. Rd6 (36. h4 $17) 36... Nb2 $19 37. Rc1 Nbxc4 38. Rdd1 Nb2 39. Rf1 Nbd3 40. Rc3 c5 41. f3 (41. g4 {might work better.}) 41... exf3 42. Bxf3 Nxf3+ {[%mdl 64] [#] Discovered Attack} 43. Rxf3 Rxe2 44. Rcxd3 {[%mdl 4096] Endgame KRR-KRR} Rb1+ ({Weaker is} 44... Rxa2 45. Rf2 $19) 45. Rf1 Rbb2 {( -> ...Rg2+)} 46. Ra1 Rxa2 47. Rxa2 Rxa2 {KR-KR} 48. Rc3 Ra5 49. Kf2 Kf7 50. Ke3 (50. h4 {keeps fighting.}) 50... g5 51. Kd3 Ke6 52. Kc4 (52. Ke2 $142) 52... f4 53. Rd3 g6 54. g4 Ra8 55. Rb3 Ke5 56. Rb6 f3 57. Rxg6 Rf8 58. Rxg5+ {Accuracy: White = 56%, Black = 98%.} 0-1

[Event "36th Cappelle Open 2020"]
[Site "Cappelle-la-Grande"]
[Date "2020.02.28"]
[Round "9.7"]
[White "Sadikhov, Ulvi"]
[Black "Mohammad Nubairshah Shaikh"]
[Result "1/2-1/2"]
[WhiteElo "2496"]
[BlackElo "2415"]
[Annotator "TA"]
[PlyCount "41"]
[EventDate "2020.02.22"]
[EventType "swiss"]
[EventCountry "FRA"]
[SourceTitle "playchess.com"]
[Source "ChessBase"]
[SourceQuality "1"]

{[%evp 14,41,35,18,28,16,33,25,13,0,-6,-14,-4,-9,-2,-7,-9,-27,-7,-41,-16,-51,-21,-19,-22,-16,-14,-14,-21,-52]} 1. e4 c6 2. d4 d5 3. e5 Bf5 4. Nf3 e6 5. Be2 Ne7 6. c3 Nd7 7. O-O h6 8. Na3 {[%cal Bb1a3,Ba3c2,Bc2d4][%mdl 32]} Bh7 {B12: Caro-Kann: Advance Variation.} 9. Nc2 c5 10. dxc5 Nxc5 {[#] White has an edge.} 11. Bb5+ $146 ({Predecessor:} 11. Ncd4 Nc6 12. Be3 Be7 13. c4 O-O 14. Nxc6 bxc6 15. Nd4 Rc8 16. Rc1 a5 17. cxd5 Qxd5 {½-½ (33) Ponomariov,R (2734)-Grischuk,A (2763) Istanbul 2012}) 11... Nd7 12. Ncd4 a6 13. Ba4 Ng6 14. Qe2 Bc5 15. b4 Bb6 16. c4 Bxd4 17. Nxd4 {[#] aiming for cxd5.} O-O {White must now prevent ...dxc4.} 18. Bxd7 {The position is equal.} Qxd7 19. c5 $1 Qa4 20. Bd2 a5 21. f4 {Accuracy: White = 83%, Black = 92%.} 1/2-1/2

[Event "36th Cappelle Open 2020"]
[Site "Cappelle-la-Grande"]
[Date "2020.02.28"]
[Round "9.8"]
[White "Bauer, Christian"]
[Black "Navrotescu, Andreea-Cristiana"]
[Result "1-0"]
[WhiteElo "2630"]
[BlackElo "2247"]
[Annotator "TA"]
[PlyCount "55"]
[EventDate "2020.02.22"]
[EventType "swiss"]
[EventCountry "FRA"]
[SourceTitle "playchess.com"]
[Source "ChessBase"]
[SourceQuality "1"]

{[%evp 9,55,-8,45,56,53,39,64,56,73,45,54,33,34,34,50,59,62,26,40,38,48,30,35,47,63,31,46,59,54,51,77,14,15,14,75,69,97,77,135,131,168,165,260,268,557,533,6318,5628]} 1. Nc3 c5 2. Nf3 Nc6 3. d4 cxd4 4. Nxd4 Nf6 5. Bg5 Qa5 (5... e6 $11) 6. Bxf6 $1 $14 {A00: Irregular Openings.} gxf6 7. Nb3 Qd8 8. e4 {White is slightly better.} a6 9. Qh5 e6 {[#]} 10. Be2 $146 ({Predecessor:} 10. a3 b5 11. a4 b4 12. Nb1 h6 13. N1d2 Rg8 14. g3 Qc7 15. f4 Ne7 16. Bc4 {0-1 (50) Arca,N (1993)-Radoszta,A (2107) Villa Martelli 2008}) 10... Qc7 11. O-O Qf4 12. g3 Qg5 13. Na4 Qxh5 14. Bxh5 b5 15. Nb6 Rb8 16. Nxc8 Rxc8 17. a4 Ne5 18. axb5 axb5 19. Rfd1 $36 {[%mdl 2048] White has good play.} Be7 20. Nd4 (20. Ra7 $16) 20... O-O 21. b3 Bb4 (21... Rfd8 $11) 22. Ra2 $16 Rc5 23. Be2 Rfc8 (23... d5 $142) 24. Kf1 ({Don't do} 24. Bxb5 $6 Bc3 $14) 24... Ng6 25. Bxb5 e5 (25... R5c7 $142 26. c4 Bf8) 26. Bxd7 $18 Rd8 $2 {[#]} (26... exd4 {might work better.} 27. Bxc8 Rxc8 28. Rxd4 Bc3) 27. Ne6 $1 {[%cal Re6d8][%mdl 576] Double Attack} Rxd7 (27... fxe6 28. Bxe6+) 28. Ra8+ {Accuracy: White = 83%, Black = 40%.} 1-0